00380nam a2200121 a 450000500170000000800410001702000150005805000240007310000210009724500720011826000460019030000220023620140310183322.0060308s19uu xx 00 eng d a0671721453 aPS 3562b.L141 1992 aLackey, Mercedes aWing commander :bfreedom flight /cMercedes Lackey and Ellen Guon. aNew York :bBaen Pub. Enterprises,c1992. a275 p. :c17 cm.